书目信息 |
| 题名: |
土力学基本原理及应用
|
|
| 作者: | 刘洋 编著 | |
| 分册: | ||
| 出版信息: | 北京 中国水利水电出版社 2016.8 |
|
| 页数: | 408页 | |
| 开本: | 26cm | |
| 丛书名: | ||
| 单 册: | ||
| 中图分类: | TU43 | |
| 科图分类: | ||
| 主题词: | 土力学--高等学校--教材 | |
| 电子资源: | ||
| ISBN: | 978-7-5170-4725-4 | |
| 000 | 00901nam0 2200253 450 | |
| 001 | 0400002837 | |
| 005 | 20171021145705.0 | |
| 010 | @a978-7-5170-4725-4@dCNY58.00 | |
| 100 | @a20161021d2016 em y0chiy50 ea | |
| 101 | 0 | @achi |
| 102 | @aCN@b110000 | |
| 105 | @ay z 000yy | |
| 106 | @ar | |
| 200 | 1 | @a土力学基本原理及应用@9tu li xue ji ben yuan li ji ying yong@f刘洋编著 |
| 210 | @a北京@c中国水利水电出版社@d2016.8 | |
| 215 | @a408页@d26cm | |
| 300 | @a普通高等教育土木与交通类“十三五”规划教材 | |
| 320 | @a有书目(第407-408页) | |
| 330 | @a本书分为上下两篇,上篇主要讲述土的基本物理力学性质,涉及土的形成和三相组成等;下篇主要讲述了土的基本力学性质在工程中的应用,涉及地基的沉降变形和计算、土工构筑物上的土压力计算等。 | |
| 606 | 0 | @a土力学@x高等学校@j教材 |
| 690 | @aTU43@v5 | |
| 701 | 0 | @a刘洋@9liu yang@4编著 |
| 801 | 0 | @aCN@b91MARC@c20171021 |
| 905 | @b1032775-9@dTU43@f5@e1155 | |
| 土力学基本原理及应用/刘洋编著.-北京:中国水利水电出版社,2016.8 |
| 408页;26cm |
| 普通高等教育土木与交通类“十三五”规划教材 |
| ISBN 978-7-5170-4725-4:CNY58.00 |
| 本书分为上下两篇,上篇主要讲述土的基本物理力学性质,涉及土的形成和三相组成等;下篇主要讲述了土的基本力学性质在工程中的应用,涉及地基的沉降变形和计算、土工构筑物上的土压力计算等。 |
| ● |
| 相关链接 |
|
|
|
|
正题名:土力学基本原理及应用
索取号:TU43/1155
 
预约/预借
| 序号 | 登录号 | 条形码 | 馆藏地/架位号 | 状态 | 备注 |
| 1 | 1032775 | 210327751 | 第二样本阅览室/ [索取号:TU43/1155] | 在馆 | |
| 2 | 1032776 | 210327760 | 密集书库-生命科学系/ [索取号:TU43/1155] | 在馆 | |
| 3 | 1032777 | 210327779 | 第三借阅区/ [索取号:TU43/1155] | 在馆 | |
| 4 | 1032778 | 210327788 | 第三借阅区/ [索取号:TU43/1155] | 在馆 | |
| 5 | 1032779 | 210327797 | 第三借阅区/ [索取号:TU43/1155] | 在馆 |